Statistics for Actors by their vowels

Click here to take the quiz!

General Stats

  • This quiz has been taken 15 times
  • The average score is 3 of 13

Answer Stats

ActorAnswer% Correct
eau eee - The MatrixKeanu Reeves
87%
o oa - The ImpossibleTom Holland
40%
a O' ie - The Death CureDylan O'Brien
33%
i ea - Knives OutChris Evans
27%
ee Eiee - Now you see meJesse Eisenberg
27%
Aa ai - Scary MovieAnna Faris
20%
ae yeaa - prisonersJake Gyllenhaal
13%
ae Aoy - Gnomeo and JulietJames McAvoy
13%
aiee ooey - DivergentShailene Woodley
13%
Aa ueie - Boy in the striped pyjamasAsa Butterfield
7%
oe aeo - DescendentsDove Cameron
7%
aoa ai - CoralineDakota Fanning
0%
eie ioe - The SpiderWick ChroniclesFreddie Highmore
0%

Score Distribution

Percentile by Number Answered

Percent of People with Each Score

Your Score History

You have not taken this quiz